| 000 | 00564nam a22001937a 4500 | ||
|---|---|---|---|
| 003 | DO-SdBNP | ||
| 005 | 20180126135202.0 | ||
| 008 | 1512141976 sp||||| |||| 00| 0 spa d | ||
| 020 | _a8473740149 | ||
| 040 |
_aBPMSU _bspa _cBPMSU |
||
| 100 | _aChapman, Philip | ||
| 245 |
_aLibro de la electricidad : _baprendiendo los secretos del poder eléctrico _cPhilip Chapman |
||
| 260 |
_aMadrid : _bPlesa _c1979 |
||
| 300 |
_a32 p. : _bil. : _g28 cm |
||
| 490 | _aEl joven cientifĂco | ||
| 942 |
_2ddc _cBK |
||
| 945 | _aInventariado, 2018 / BT | ||
| 956 | _adaysi garcia | ||
| 999 |
_c9110 _d9110 |
||